| 000 | 00354nam a22001337a 4500 | ||
|---|---|---|---|
| 020 | _a0-07-049956-X | ||
| 082 |
_a510 _bDUB/Q |
||
| 100 | _aMANOJ DUBEY | ||
| 245 |
_aQUESTION BANK SERIES IN MATHEMATICS _bFOR CLASS VI |
||
| 260 |
_aDELHI _bTATA McGRAW HILL PUBLISHING _c2003 |
||
| 300 | _a176 | ||
| 650 |
_aMATHS QUESTION BANK FOR CLASS VI _zINDIA |
||
| 942 | _cBK | ||
| 999 |
_c951 _d951 |
||